00649nam a22002057a 4500999001500000003000800015008004100023020001800064041001300082082001700095100002300112245003200135260004600167300001000213650001900223700002100242942001300263945005300276952011400329 c1892d1892SLTCLib260113b ce ||||| |||| 00| 0 eng d a9780470888018 aEnglish  a658.872bCES aCesari, Rick93398 aBuy NowbCreative Marketing aNew JerseybJohn Wiley and Sons Incc2011 a224p. 09713aMarketing 93397aLynch, Ron 2ddccMLN a3725bIshara wickramagec3725dIshara wickramage 00102ddc40708LECaSLTCbSLTCcLESd2026-01-13eDonationo658.872 CESp003012r2026-01-13w2026-01-13yMLN